[Event "7th Novi Sad it"]
[Site "Novi Sad"]
[Date "1978.10.11"]
[EventDate "1978.10.02"]
[Round "9.1"]
[White "Jansa, Vlastimil"]
[Black "Martinovic, Slobodan"]
[Result "1/2-1/2"]
[WhiteElo "2505"]
[BlackElo "2460"]
[PlyCount "51"]
[Source "Perpetual Check"]

1. Nf3 Nf6 2. g3 g6 3. b3 Bg7 4. Bb2 O-O 5. Bg2 d6 6. d4 c6 7. O-O a5 8. c4 a4
9. b4 Ne4 10. a3 f5 11. Nbd2 e6 12. Qc2 d5 13. Rac1 Bd7 14. Ne5 Be8 15. Nxe4
fxe4 16. Bh3 Qe7 17. f3 exf3 18. exf3 Nd7 19. Nxd7 Bxd7 20. Rce1 Qf7 21. f4 b5
22. c5 Rae8 23. Re3 Re7 24. Qe2 Bf6 25. Re1 Rfe8 26. Kg2 1/2-1/2

[Event "7th Novi Sad it"]
[Site "Novi Sad"]
[Date "1978.10.11"]
[EventDate "1978.10.02"]
[Round "9.3"]
[White "Vukic, Milan"]
[Black "Popovic, Petar"]
[Result "1-0"]
[WhiteElo "2480"]
[BlackElo "2400"]
[PlyCount "79"]
[Source "Perpetual Check"]

1. d4 Nf6 2. c4 g6 3. Nf3 Bg7 4. g3 d5 5. cxd5 Nxd5 6. Bg2 O-O 7. O-O Nc6 8.
Nc3 Nxc3 9. bxc3 e5 10. d5 Na5 11. Ba3 Re8 12. Qa4 b6 13. Nd2 Bd7 14. Qd1 Rc8
15. Bb4 Nb7 16. c4 a5 17. Ba3 c6 18. Rb1 cxd5 19. Bxd5 Bc6 20. Qb3 Bxd5 21.
cxd5 e4 22. Rfc1 Rxc1+ 23. Rxc1 Re5 24. Nc4 Re8 25. Nxb6 Qg5 26. e3 Rd8 27. Nc8
Rd7 28. d6 h5 29. Rc7 Qg4 30. Ne7+ Kh7 31. Rxd7 Qxd7 32. Qxf7 Qg4 33. h3 Qd1+
34. Kh2 Qf3 35. Qxg6+ Kh8 36. Qf5 Qxf5 37. Nxf5 Bf6 38. d7 Kg8 39. Nd6 Nd8 40.
Nxe4 1-0

[Event "7th Novi Sad it"]
[Site "Novi Sad"]
[Date "1978.10.11"]
[EventDate "1978.10.02"]
[Round "9.4"]
[White "Deze, Anton"]
[Black "Farago, Ivan"]
[Result "1/2-1/2"]
[WhiteElo "2395"]
[BlackElo "2510"]
[PlyCount "85"]
[Source "Perpetual Check"]

1. c4 Nf6 2. Nc3 c5 3. Nf3 d5 4. cxd5 Nxd5 5. g3 Nc6 6. Bg2 e6 7. O-O Be7 8.
Nxd5 exd5 9. d4 O-O 10. Be3 c4 11. b3 Bf6 12. bxc4 dxc4 13. Rb1 Qa5 14. a4 a6
15. Nd2 Bxd4 16. Bxd4 Nxd4 17. e3 c3 18. Nc4 c2 19. Qxc2 Qc3 20. Qxc3 Ne2+ 21.
Kh1 Nxc3 22. Ra1 Rb8 23. Nb6 f5 24. Rac1 Ne4 25. f3 Nf6 26. Rfd1 Be6 27. Rd6
Bb3 28. Bf1 Rbd8 29. Rxd8 Rxd8 30. Bc4+ Bxc4 31. Rxc4 Rd3 32. Rc8+ Kf7 33. Rc7+
Kg6 34. Rxb7 Rxe3 35. Ra7 Rxf3 36. Rxa6 Rf2 37. Nc4 Kg5 38. Rb6 Ra2 39. a5 Kg4
40. Rb2 Ra4 41. Ne5+ Kh3 42. Nf3 Kg4 43. Ne5+ 1/2-1/2

[Event "7th Novi Sad it"]
[Site "Novi Sad"]
[Date "1978.10.11"]
[EventDate "1978.10.02"]
[Round "9.5"]
[White "Jovic, Ljubomir"]
[Black "Nogueiras Santiago, Jesus"]
[Result "1/2-1/2"]
[WhiteElo "2325"]
[BlackElo "2385"]
[PlyCount "167"]
[Source "Perpetual Check"]

1. e4 e5 2. Nf3 Nc6 3. Bb5 Bc5 4. O-O Nge7 5. c3 Bb6 6. d4 exd4 7. cxd4 d5 8.
exd5 Nxd5 9. Re1+ Be6 10. Nc3 O-O 11. h3 Nce7 12. Bg5 Qd6 13. Ba4 c6 14. Ne4
Qd8 15. Nc5 Bc8 16. Bh4 f6 17. Bg3 Rf7 18. Bb3 Bc7 19. Bxc7 Qxc7 20. Rc1 Qd6
21. Nd2 b6 22. Nde4 Qc7 23. Nd3 Bf5 24. Ng3 Bg6 25. a3 Rd8 26. h4 Bxd3 27. Qxd3
g6 28. Ne4 Kg7 29. Nc3 Qd7 30. g3 Qf5 31. Qe2 Qd7 32. Qc4 Nf5 33. Nxd5 cxd5 34.
Qd3 Re7 35. Rxe7+ Qxe7 36. h5 Rd7 37. hxg6 hxg6 38. Ba4 Rc7 39. Rd1 Rc4 40. Bb3
Rxd4 41. Qc2 Qe4 42. Qc7+ Kh6 43. Qc1+ Kh7 44. Re1 Qd3 45. Bc2 Qc4 46. Bxf5
gxf5 47. Re7+ Kg6 48. Qxc4 dxc4 49. Rxa7 f4 50. gxf4 Kf5 51. Rb7 Rd1+ 52. Kg2
Rb1 53. Rc7 b5 54. Rc5+ Ke6 55. Rxb5 c3 56. Rc5 cxb2 57. Rb5 f5 58. a4 Ra1 59.
Rxb2 Rxa4 60. Rb6+ Kf7 61. Kg3 Ra1 62. Rb3 Kf6 63. Kf3 Ra4 64. Rb6+ Kf7 65. Kg3
Ra1 66. f3 Rg1+ 67. Kf2 Ra1 68. Ke3 Ra4 69. Rd6 Ke7 70. Rh6 Kf7 71. Rh4 Kg6 72.
Kf2 Ra2+ 73. Kg3 Ra1 74. Rh8 Rg1+ 75. Kf2 Ra1 76. Rg8+ Kf6 77. Rf8+ Ke6 78. Rb8
Kf6 79. Rc8 Ke6 80. Rc6+ Kf7 81. Ke3 Ra4 82. Rd6 Ke7 83. Rd2 Ke6 84. Rd3
1/2-1/2

[Event "7th Novi Sad it"]
[Site "Novi Sad"]
[Date "1978.10.11"]
[EventDate "1978.10.02"]
[Round "9.6"]
[White "Bjelajac, Milan"]
[Black "Notaros, Krasoje"]
[Result "1/2-1/2"]
[WhiteElo "2415"]
[BlackElo "2355"]
[PlyCount "23"]
[Source "Perpetual Check"]

1. e4 g6 2. d4 Bg7 3. Nc3 c6 4. Nf3 d6 5. h3 Nf6 6. a4 O-O 7. Be2 e5 8. dxe5
dxe5 9. Qxd8 Rxd8 10. Bc4 Nbd7 11. a5 h6 12. O-O 1/2-1/2

[Event "7th Novi Sad it"]
[Site "Novi Sad"]
[Date "1978.10.11"]
[EventDate "1978.10.02"]
[Round "9.8"]
[White "Planinc, Albin"]
[Black "Sahovic, Dragutin"]
[Result "1/2-1/2"]
[WhiteElo "2430"]
[BlackElo "2490"]
[PlyCount "90"]
[Source "Perpetual Check"]

1. e4 e6 2. d4 d5 3. Nc3 Bb4 4. e5 Ne7 5. a3 Bxc3+ 6. bxc3 b6 7. Qg4 Ng6 8.
Bb5+ c6 9. Bd3 Ba6 10. h4 Bxd3 11. cxd3 h5 12. Qf3 c5 13. Bg5 Qc7 14. Ne2 Nc6
15. O-O Nge7 16. dxc5 bxc5 17. Rfe1 Nxe5 18. Qg3 Nf5 19. Qh3 O-O 20. Nf4 g6 21.
Nxe6 fxe6 22. Bf4 Nxh4 23. Bxe5 Qe7 24. Qg3 Rf7 25. Bf4 Kh7 26. Bg5 Nf5 27.
Bxe7 Nxg3 28. Rxe6 Re8 29. Rae1 Ne4 30. dxe4 Rfxe7 31. exd5 Rxe6 32. dxe6 Kg7
33. Re5 Kf6 34. Rxc5 Rxe6 35. a4 Re2 36. f3 Ra2 37. a5 h4 38. Kh2 g5 39. Kh3
Rc2 40. Rc7 a6 41. Rc6+ Kf5 42. Rxa6 Rxc3 43. Ra8 Ra3 44. a6 Kg6 45. a7 Kh7
1/2-1/2

[Event "7th Novi Sad it"]
[Site "Novi Sad"]
[Date "1978.10.12"]
[EventDate "1978.10.02"]
[Round "10.1"]
[White "Martinovic, Slobodan"]
[Black "Sahovic, Dragutin"]
[Result "1/2-1/2"]
[WhiteElo "2460"]
[BlackElo "2490"]
[PlyCount "35"]
[Source "Perpetual Check"]

1. e4 c6 2. d4 d5 3. Nd2 dxe4 4. Nxe4 Nf6 5. Nxf6+ exf6 6. Bc4 Nd7 7. Ne2 Bd6
8. Bf4 Nb6 9. Bb3 Be6 10. Bxe6 fxe6 11. O-O O-O 12. b3 Nd5 13. Bxd6 Qxd6 14. c4
Nf4 15. Nxf4 Qxf4 16. Qe2 Rfe8 17. Qe3 Qxe3 18. fxe3 1/2-1/2

[Event "7th Novi Sad it"]
[Site "Novi Sad"]
[Date "1978.10.12"]
[EventDate "1978.10.02"]
[Round "10.3"]
[White "Notaros, Krasoje"]
[Black "Barczay, Laszlo"]
[Result "1/2-1/2"]
[WhiteElo "2355"]
[BlackElo "2465"]
[PlyCount "34"]
[Source "Perpetual Check"]

1. Nf3 Nf6 2. g3 e6 3. Bg2 Be7 4. O-O O-O 5. c4 d5 6. d4 dxc4 7. Qa4 a6 8. Qxc4
b5 9. Qc2 Bb7 10. Bg5 Nbd7 11. Nbd2 Rc8 12. Nb3 Be4 13. Qd2 c5 14. dxc5 Nxc5
15. Nxc5 Qxd2 16. Bxd2 Bxc5 17. Rac1 Bd5 1/2-1/2

[Event "7th Novi Sad it"]
[Site "Novi Sad"]
[Date "1978.10.12"]
[EventDate "1978.10.02"]
[Round "10.4"]
[White "Nogueiras Santiago, Jesus"]
[Black "Bjelajac, Milan"]
[Result "1-0"]
[WhiteElo "2385"]
[BlackElo "2415"]
[PlyCount "125"]
[Source "Perpetual Check"]

1. e4 c5 2. Nf3 Nc6 3. d4 cxd4 4. Nxd4 Nf6 5. Nc3 e5 6. Ndb5 d6 7. Nd5 Nxd5 8.
exd5 Nb8 9. c4 Be7 10. Be2 O-O 11. O-O f5 12. c5 a6 13. Nxd6 Bxd6 14. cxd6 Qxd6
15. f4 e4 16. Be3 b6 17. Qb3 Nd7 18. Rac1 Nc5 19. Qb4 Rd8 20. Bxc5 bxc5 21.
Qxc5 Bb7 22. Qxd6 Rxd6 23. Rc5 Kf8 24. Bc4 Rad8 25. Rd1 Ke7 26. b4 Rb6 27. a3
Kd6 28. Kf2 Rc8 29. Rxc8 Bxc8 30. Ke3 Bd7 31. Kd4 Bb5 32. Rc1 Bxc4 33. Rxc4 a5
34. bxa5 Rb5 35. Rc6+ Kd7 36. a6 Ra5 37. Ke5 g6 38. Rc3 Rxa6 39. Rb3 Ra7 40. h3
Kd8 41. g4 Re7+ 42. Kd4 Kc7 43. gxf5 gxf5 44. a4 Re8 45. a5 Ra8 46. Ra3 Kb7 47.
Ke5 Re8+ 48. Kxf5 e3 49. Ra1 Kc7 50. a6 Kd6 51. a7 Ra8 52. Re1 Rxa7 53. Rxe3
Kxd5 54. Rd3+ Kc4 55. Rd8 Ra5+ 56. Kf6 Ra6+ 57. Ke7 Ra7+ 58. Ke6 Ra6+ 59. Rd6
Ra3 60. f5 Rxh3 61. f6 Kc5 62. Rd5+ Kc6 63. Re5 1-0

[Event "7th Novi Sad it"]
[Site "Novi Sad"]
[Date "1978.10.12"]
[EventDate "1978.10.02"]
[Round "10.5"]
[White "Farago, Ivan"]
[Black "Jovic, Ljubomir"]
[Result "1-0"]
[WhiteElo "2510"]
[BlackElo "2325"]
[PlyCount "93"]
[Source "Perpetual Check"]

1. d4 c5 2. d5 e5 3. e4 d6 4. Nc3 Ne7 5. Nf3 Bg4 6. Bb5+ Bd7 7. Be2 h6 8. O-O
Ng6 9. a4 Be7 10. Nd2 O-O 11. Nc4 Be8 12. Bg4 Nd7 13. g3 Nf6 14. Bf5 Bd7 15.
Qf3 b6 16. Bd2 a6 17. Rfb1 Rb8 18. b4 Qc7 19. Qe2 Rfd8 20. Ne3 Qa7 21. Rb2 Be8
22. Rab1 Nf8 23. bxc5 dxc5 24. Nc4 N8d7 25. Kg2 Bf8 26. f4 g6 27. Bh3 Bg7 28.
fxe5 Nh7 29. Bxd7 Qxd7 30. Rxb6 Rxb6 31. Rxb6 Qe7 32. e6 Nf6 33. exf7+ Bxf7 34.
Qf3 Nd7 35. Rxa6 Rf8 36. Qf4 g5 37. Qf5 Nf6 38. Nd6 Bh5 39. Qe6+ Qxe6 40. dxe6
Rb8 41. Ncb5 Bd1 42. c4 Ne8 43. e7 Be5 44. Bc3 Bxc3 45. Nxc3 Rb2+ 46. Kg1 Bh5
47. Ra8 1-0

[Event "7th Novi Sad it"]
[Site "Novi Sad"]
[Date "1978.10.12"]
[EventDate "1978.10.02"]
[Round "10.6"]
[White "Popovic, Petar"]
[Black "Deze, Anton"]
[Result "0-1"]
[WhiteElo "2400"]
[BlackElo "2395"]
[PlyCount "70"]
[Source "Perpetual Check"]

1. g3 d5 2. Bg2 Nf6 3. d3 e5 4. Nf3 Bd6 5. O-O O-O 6. Nc3 c6 7. e4 dxe4 8. Nxe4
Nxe4 9. dxe4 Na6 10. b3 Nc5 11. Qe2 Ne6 12. Bb2 f6 13. Rad1 Qe7 14. Bc1 Rd8 15.
Be3 Bc7 16. Rxd8+ Nxd8 17. Nh4 g6 18. Bf3 Bb6 19. Ng2 Ne6 20. c3 Bc7 21. h4 h5
22. g4 hxg4 23. Bxg4 Kg7 24. Rd1 Nf8 25. h5 f5 26. h6+ Kh7 27. exf5 gxf5 28.
Bh5 Be6 29. f4 e4 30. Bf2 Nd7 31. Bh4 Nf6 32. Bg5 Qc5+ 33. Kh1 Rf8 34. Nh4 Qxc3
35. Bxf6 Qh3+ 0-1

[Event "7th Novi Sad it"]
[Site "Novi Sad"]
[Date "1978.10.12"]
[EventDate "1978.10.02"]
[Round "10.7"]
[White "Geller, Efim"]
[Black "Vukic, Milan"]
[Result "1-0"]
[WhiteElo "2590"]
[BlackElo "2480"]
[PlyCount "87"]
[Source "Perpetual Check"]

1. e4 c6 2. d4 d5 3. Nd2 dxe4 4. Nxe4 Bf5 5. Ng3 Bg6 6. h4 h6 7. Nf3 Nd7 8. h5
Bh7 9. Bd3 Bxd3 10. Qxd3 e6 11. Bd2 Qc7 12. O-O-O Ngf6 13. Ne4 O-O-O 14. g3
Nxe4 15. Qxe4 Be7 16. Kb1 Rhe8 17. c4 c5 18. Bf4 Bd6 19. Bxd6 Qxd6 20. Ne5 Nxe5
21. Qxe5 cxd4 22. Qxg7 e5 23. Qxf7 Rf8 24. Qg6 Rxf2 25. Qxd6 Rxd6 26. Rhe1 Rb6
27. b3 Rf5 28. g4 Rg5 29. Re4 Kd7 30. Rde1 Re6 31. Kc2 Re7 32. Kd3 b6 33. b4
Kd6 34. Rf1 Ke6 35. Rf8 b5 36. c5 Rgg7 37. Rf5 Kd7 38. Rfxe5 Rxe5 39. Rxe5 Rxg4
40. Rd5+ Ke6 41. Rxd4 Rg3+ 42. Ke4 Rg4+ 43. Ke3 Rg2 44. Rd6+ 1-0

[Event "7th Novi Sad it"]
[Site "Novi Sad"]
[Date "1978.10.12"]
[EventDate "1978.10.02"]
[Round "10.8"]
[White "Jansa, Vlastimil"]
[Black "Spiridonov, Nikola"]
[Result "1/2-1/2"]
[WhiteElo "2505"]
[BlackElo "2405"]
[PlyCount "41"]
[Source "Perpetual Check"]

1. d4 Nf6 2. Bg5 e6 3. Nc3 h6 4. Bxf6 Qxf6 5. e4 d6 6. Nf3 Nd7 7. Bc4 g6 8. O-O
Bg7 9. Re1 O-O 10. e5 dxe5 11. dxe5 Qe7 12. Qe2 b6 13. Ba6 Bxa6 14. Qxa6 Qc5
15. Qe2 Rad8 16. a3 Nb8 17. Ne4 Qe7 18. Qc4 Rd5 19. Nc3 Rd7 20. h3 Rfd8 21. b4
1/2-1/2

[Event "7th Novi Sad it"]
[Site "Novi Sad"]
[Date "1978.10.14"]
[EventDate "1978.10.02"]
[Round "11.1"]
[White "Spiridonov, Nikola"]
[Black "Martinovic, Slobodan"]
[Result "1/2-1/2"]
[WhiteElo "2405"]
[BlackElo "2460"]
[PlyCount "48"]
[Source "Perpetual Check"]

1. Nf3 Nf6 2. c4 g6 3. d4 Bg7 4. Nc3 O-O 5. Bg5 d6 6. e3 c6 7. Be2 a6 8. O-O b5
9. b4 a5 10. a3 bxc4 11. Bxc4 Nbd7 12. b5 Nb6 13. Be2 cxb5 14. Bxb5 Be6 15. Qd3
Rc8 16. Rfc1 Bf5 17. Qe2 h6 18. Bh4 g5 19. Bg3 Bg6 20. h3 Rc7 21. Nd2 Qa8 22.
Bd3 Bxd3 23. Qxd3 Rfc8 24. Rab1 Nbd5 1/2-1/2

[Event "7th Novi Sad it"]
[Site "Novi Sad"]
[Date "1978.10.14"]
[EventDate "1978.10.02"]
[Round "11.2"]
[White "Vukic, Milan"]
[Black "Jansa, Vlastimil"]
[Result "1-0"]
[WhiteElo "2480"]
[BlackElo "2505"]
[PlyCount "73"]
[Source "Perpetual Check"]

1. d4 g6 2. c4 c5 3. d5 e5 4. e4 d6 5. Nc3 Bg7 6. Bd3 Nh6 7. h4 O-O 8. h5 g5 9.
Qd2 f6 10. Nge2 Na6 11. a3 Bd7 12. Ng3 Rf7 13. Qc2 Bf8 14. Be3 Be7 15. f3 Kh8
16. Kf2 Qf8 17. Nf5 Nxf5 18. exf5 Bd8 19. g4 h6 20. Rab1 Be8 21. Rhc1 Qe7 22.
Kg2 Kg7 23. Qf2 Bc7 24. b4 b6 25. Rb2 Bd8 26. Rcb1 Rc8 27. Qe2 Qf8 28. Ne4 Rfc7
29. bxc5 Nxc5 30. Bxc5 bxc5 31. Bc2 Rf7 32. Qd1 Bb6 33. Ba4 Rd8 34. Bb5 Rc7 35.
Qa4 Bxb5 36. Rxb5 Rcc8 37. Qa6 1-0

[Event "7th Novi Sad it"]
[Site "Novi Sad"]
[Date "1978.10.14"]
[EventDate "1978.10.02"]
[Round "11.3"]
[White "Deze, Anton"]
[Black "Geller, Efim"]
[Result "1/2-1/2"]
[WhiteElo "2395"]
[BlackElo "2590"]
[PlyCount "61"]
[Source "Perpetual Check"]

1. c4 e6 2. Nc3 d5 3. d4 Be7 4. cxd5 exd5 5. Nf3 c6 6. Bf4 Bf5 7. e3 Nd7 8. Bd3
Bxd3 9. Qxd3 Ngf6 10. O-O O-O 11. Rab1 a5 12. Qc2 Re8 13. a3 Nb6 14. Nd2 Bd6
15. Bxd6 Qxd6 16. h3 Nbd7 17. Rfc1 g6 18. Na4 Kg7 19. Nc5 Nxc5 20. Qxc5 Qxc5
21. Rxc5 a4 22. b4 axb3 23. Rxb3 Re7 24. Rcc3 Ne8 25. Rb4 Nd6 26. a4 h5 27. h4
Kf8 28. Nb3 Ke8 29. Nc5 Kd8 30. g3 Ra7 31. Kg2 1/2-1/2

[Event "7th Novi Sad it"]
[Site "Novi Sad"]
[Date "1978.10.14"]
[EventDate "1978.10.02"]
[Round "11.4"]
[White "Jovic, Ljubomir"]
[Black "Popovic, Petar"]
[Result "1/2-1/2"]
[WhiteElo "2325"]
[BlackElo "2400"]
[PlyCount "82"]
[Source "Perpetual Check"]

1. e4 g6 2. Nc3 Bg7 3. g3 e6 4. Bg2 Ne7 5. Nf3 d5 6. O-O O-O 7. d4 b6 8. exd5
exd5 9. Re1 Nbc6 10. h3 f6 11. b3 Rf7 12. Na4 Ba6 13. Nb2 Qd7 14. Nd3 g5 15.
Bb2 Rd8 16. a3 Bf8 17. Qd2 Nf5 18. Nb4 Bb7 19. Nh2 Nce7 20. Qe2 a5 21. Nd3 Nd6
22. Qh5 Nef5 23. Ng4 Ne4 24. Ne3 Re7 25. Qf3 Nxe3 26. Rxe3 Rde8 27. Rae1 a4 28.
Qd1 axb3 29. cxb3 Nd6 30. Rxe7 Rxe7 31. Rxe7 Bxe7 32. f4 h6 33. fxg5 hxg5 34.
Qf3 Ne4 35. Nf2 Kg7 36. h4 Qe6 37. hxg5 Nxg5 38. Qc3 Bd6 39. b4 Ba6 40. Bc1 Bc4
41. Bf4 b5 1/2-1/2

[Event "7th Novi Sad it"]
[Site "Novi Sad"]
[Date "1978.10.14"]
[EventDate "1978.10.02"]
[Round "11.5"]
[White "Bjelajac, Milan"]
[Black "Farago, Ivan"]
[Result "0-1"]
[WhiteElo "2415"]
[BlackElo "2510"]
[PlyCount "64"]
[Source "Perpetual Check"]

1. e4 e6 2. Nf3 d5 3. e5 c5 4. c3 Nc6 5. d4 Qb6 6. Bd3 cxd4 7. cxd4 Bd7 8. O-O
Nxd4 9. Nxd4 Qxd4 10. Nc3 Qxe5 11. Re1 Qb8 12. Nxd5 Bd6 13. Qg4 Kf8 14. Bd2 h5
15. Qh3 Nh6 16. Ne3 Kg8 17. Bc3 Bc6 18. Nc4 Ng4 19. Nxd6 Qxd6 20. Rad1 Bd5 21.
Be4 Rd8 22. Rd2 Rh6 23. Red1 Qf4 24. Bf3 Nf6 25. Rd4 Qc7 26. R4d2 Rc8 27. Bxf6
Bxf3 28. Bd8 Bxg2 29. Qxg2 Qc4 30. Kh1 Rg6 31. Qxb7 Rc6 32. Rd4 Qxd4 0-1

[Event "7th Novi Sad it"]
[Site "Novi Sad"]
[Date "1978.10.14"]
[EventDate "1978.10.02"]
[Round "11.6"]
[White "Barczay, Laszlo"]
[Black "Nogueiras Santiago, Jesus"]
[Result "1-0"]
[WhiteElo "2465"]
[BlackElo "2385"]
[PlyCount "57"]
[Source "Perpetual Check"]

1. e4 e5 2. Nf3 Nc6 3. Bb5 a6 4. Ba4 Nf6 5. O-O Bc5 6. c3 Nxe4 7. d4 Bb6 8. Qe2
f5 9. Nbd2 O-O 10. Nxe4 fxe4 11. Qxe4 d6 12. Ng5 Bf5 13. Qd5+ Kh8 14. Bxc6 bxc6
15. Nf7+ Rxf7 16. Qxf7 Bg6 17. Qc4 Qh4 18. Be3 c5 19. Rad1 cxd4 20. cxd4 Rf8
21. f3 Re8 22. Bf2 Qf4 23. Qc3 e4 24. Be3 Qf5 25. d5 Qg5 26. Bxb6 cxb6 27. fxe4
Bxe4 28. Qg3 Qd8 29. Qf4 1-0

[Event "7th Novi Sad it"]
[Site "Novi Sad"]
[Date "1978.10.14"]
[EventDate "1978.10.02"]
[Round "11.7"]
[White "Planinc, Albin"]
[Black "Notaros, Krasoje"]
[Result "1-0"]
[WhiteElo "2430"]
[BlackElo "2355"]
[PlyCount "53"]
[Source "Perpetual Check"]

1. e4 g6 2. d4 Bg7 3. Nf3 c6 4. c4 d6 5. Nc3 Nf6 6. Be2 O-O 7. O-O a5 8. Be3
Ng4 9. Bg5 f6 10. Bh4 e5 11. d5 Nh6 12. Nd2 Na6 13. a3 Nc7 14. f3 Bd7 15. b4 g5
16. Bf2 f5 17. c5 axb4 18. axb4 Rxa1 19. Qxa1 cxd5 20. cxd6 Ne8 21. Nxd5 Nxd6
22. Bb6 Qa8 23. Bc5 Qxa1 24. Rxa1 Nhf7 25. Nc4 Bb5 26. Nxd6 Bxe2 27. Nxf7 1-0

[Event "7th Novi Sad it"]
[Site "Novi Sad"]
[Date "1978.10.15"]
[EventDate "1978.10.02"]
[Round "12.2"]
[White "Notaros, Krasoje"]
[Black "Sahovic, Dragutin"]
[Result "0-1"]
[WhiteElo "2355"]
[BlackElo "2490"]
[PlyCount "80"]
[Source "Perpetual Check"]

1. Nf3 b6 2. g3 Bb7 3. Bg2 Nf6 4. O-O g6 5. c4 Bg7 6. Nc3 O-O 7. d4 Ne4 8. Nxe4
Bxe4 9. Ne1 Bxg2 10. Nxg2 d5 11. cxd5 Qxd5 12. Nf4 Qxd4 13. Qxd4 Bxd4 14. Nd5
Nc6 15. Nxc7 Rac8 16. Nb5 Rfd8 17. Rb1 a6 18. Nxd4 Nxd4 19. e4 Nf3+ 20. Kg2 Nd2
21. Bxd2 Rxd2 22. Rfd1 Rcc2 23. Rxd2 Rxd2 24. h4 Kg7 25. Kf3 Kf6 26. Ke3 Rc2
27. a4 Ke6 28. b3 Kd6 29. Rd1+ Kc5 30. Rd7 Rc3+ 31. Kf4 Rxb3 32. Rxe7 Rb4 33.
Rc7+ Kd4 34. a5 bxa5 35. Rxf7 a4 36. Rxh7 a3 37. Ra7 Rb6 38. Rd7+ Kc3 39. Rd1
a2 40. Ra1 Kb2 0-1

[Event "7th Novi Sad it"]
[Site "Novi Sad"]
[Date "1978.10.15"]
[EventDate "1978.10.02"]
[Round "12.3"]
[White "Nogueiras Santiago, Jesus"]
[Black "Planinc, Albin"]
[Result "1/2-1/2"]
[WhiteElo "2385"]
[BlackElo "2430"]
[PlyCount "100"]
[Source "Perpetual Check"]

1. e4 g6 2. d4 Bg7 3. Nc3 d6 4. Bg5 c6 5. Qd2 b5 6. f4 b4 7. Nce2 Nd7 8. Nf3 c5
9. c3 h6 10. Bh4 Ngf6 11. Ng3 bxc3 12. bxc3 Qa5 13. Bd3 Rb8 14. Rd1 O-O 15. O-O
cxd4 16. cxd4 Qxd2 17. Rxd2 e5 18. fxe5 dxe5 19. dxe5 Ng4 20. Be7 Re8 21. Bd6
Rb6 22. Bc4 Ba6 23. e6 fxe6 24. Bxa6 Rxa6 25. Rc1 Nb6 26. Bc5 Rc8 27. Rcc2 Nd7
28. Bd4 Rxc2 29. Rxc2 Bxd4+ 30. Nxd4 Rd6 31. Rd2 Kf7 32. Nb3 Ke7 33. h3 Rxd2
34. Nxd2 Ne3 35. Ne2 Ne5 36. Kf2 Nd1+ 37. Ke1 Nb2 38. Nc3 Nbd3+ 39. Ke2 Nf4+
40. Kf2 g5 41. Nf3 Nc4 42. h4 Kf6 43. hxg5+ hxg5 44. e5+ Kf5 45. Nd4+ Kxe5 46.
Nc6+ Kf5 47. Nxa7 e5 48. Nc6 e4 49. Nd4+ Ke5 50. Nc6+ Kf5 1/2-1/2

[Event "7th Novi Sad it"]
[Site "Novi Sad"]
[Date "1978.10.15"]
[EventDate "1978.10.02"]
[Round "12.4"]
[White "Farago, Ivan"]
[Black "Barczay, Laszlo"]
[Result "1/2-1/2"]
[WhiteElo "2510"]
[BlackElo "2465"]
[PlyCount "30"]
[Source "Perpetual Check"]

1. e4 e5 2. Nf3 Nc6 3. Bb5 a6 4. Ba4 Nf6 5. O-O Be7 6. Re1 b5 7. Bb3 O-O 8. c3
d6 9. d3 Bb7 10. Nbd2 Qd7 11. Nf1 Na5 12. Bc2 c5 13. a4 Nc6 14. axb5 axb5 15.
Rxa8 Bxa8 1/2-1/2

[Event "7th Novi Sad it"]
[Site "Novi Sad"]
[Date "1978.10.15"]
[EventDate "1978.10.02"]
[Round "12.6"]
[White "Geller, Efim"]
[Black "Jovic, Ljubomir"]
[Result "1/2-1/2"]
[WhiteElo "2590"]
[BlackElo "2325"]
[PlyCount "61"]
[Source "Perpetual Check"]

1. d4 c5 2. d5 e5 3. e4 d6 4. Nc3 Be7 5. Nf3 Bg4 6. a4 a6 7. Be2 Bxf3 8. Bxf3
b6 9. Qd2 h6 10. Nd1 Bg5 11. Ne3 Nd7 12. Qe2 Ne7 13. O-O Bxe3 14. Qxe3 O-O 15.
Bg4 f5 16. exf5 Nf6 17. Bh3 Nexd5 18. Qb3 Qc7 19. c4 Nb4 20. Qd1 d5 21. cxd5
Rad8 22. Qe2 Rxd5 23. Ra3 Rd4 24. Rg3 Re4 25. Re3 Rxe3 26. Bxe3 Rd8 27. Rd1
Rxd1+ 28. Qxd1 c4 29. g3 b5 30. axb5 axb5 31. Bg2 1/2-1/2

[Event "7th Novi Sad it"]
[Site "Novi Sad"]
[Date "1978.10.15"]
[EventDate "1978.10.02"]
[Round "12.7"]
[White "Jansa, Vlastimil"]
[Black "Deze, Anton"]
[Result "1-0"]
[WhiteElo "2505"]
[BlackElo "2395"]
[PlyCount "85"]
[Source "Perpetual Check"]

1. e4 c5 2. Nf3 d6 3. d4 cxd4 4. Nxd4 Nf6 5. Nc3 Nc6 6. Bg5 e6 7. Qd2 a6 8.
O-O-O Bd7 9. f4 Be7 10. Be2 Qc7 11. Nb3 O-O-O 12. Bf3 Na5 13. Nxa5 Qxa5 14. Kb1
Kb8 15. Qe3 h6 16. Bh4 Qc5 17. Qxc5 dxc5 18. e5 Nd5 19. Rxd5 Bxh4 20. Rxc5 Be7
21. Rc4 Bc8 22. Rd1 Rxd1+ 23. Nxd1 Rd8 24. c3 g5 25. fxg5 Bxg5 26. Rd4 Rxd4 27.
cxd4 f6 28. g3 fxe5 29. dxe5 Bd8 30. Ne3 Bb6 31. Ng4 Bd4 32. Nxh6 Bxe5 33. Nf7
Bc7 34. Bg4 Bd7 35. Ng5 Bb6 36. Bxe6 Be3 37. Bxd7 Bxg5 38. Kc2 Be3 39. Kd3 Bg1
40. h3 Kc7 41. Be6 Kd6 42. Bc8 Bf2 43. Bxb7 1-0

[Event "7th Novi Sad it"]
[Site "Novi Sad"]
[Date "1978.10.15"]
[EventDate "1978.10.02"]
[Round "12.8"]
[White "Spiridonov, Nikola"]
[Black "Vukic, Milan"]
[Result "1/2-1/2"]
[WhiteElo "2405"]
[BlackElo "2480"]
[PlyCount "64"]
[Source "Perpetual Check"]

1. d4 Nf6 2. Nf3 g6 3. c4 Bg7 4. Nc3 O-O 5. e4 d6 6. Be2 e5 7. Be3 Ng4 8. Bg5
f6 9. Bc1 Nc6 10. h3 exd4 11. Nxd4 Nge5 12. Be3 f5 13. exf5 Nxd4 14. Bxd4 Bxf5
15. O-O c6 16. f4 Nf7 17. Bxg7 Kxg7 18. Qd4+ Qf6 19. Rad1 Rfe8 20. Bf3 Qxd4+
21. Rxd4 Rad8 22. Kf2 a5 23. b3 h5 24. g4 hxg4 25. hxg4 Bc8 26. g5 Bf5 27. Rd2
Re7 28. Re2 Rxe2+ 29. Nxe2 Rh8 30. Bg2 Bc8 31. Nd4 Rh4 32. Ke3 Rh2 1/2-1/2

[Event "7th Novi Sad it"]
[Site "Novi Sad"]
[Date "1978.10.16"]
[EventDate "1978.10.02"]
[Round "13.1"]
[White "Vukic, Milan"]
[Black "Martinovic, Slobodan"]
[Result "1/2-1/2"]
[WhiteElo "2480"]
[BlackElo "2460"]
[PlyCount "113"]
[Source "Perpetual Check"]

1. d4 Nf6 2. c4 d6 3. Nc3 e5 4. Nf3 Nbd7 5. Bg5 c6 6. e3 Qa5 7. Qd2 Be7 8. Bd3
Nf8 9. h3 Ng6 10. d5 O-O 11. O-O c5 12. Qc2 Qd8 13. Bxf6 Bxf6 14. Kh2 Kh8 15.
g3 Ne7 16. Ne4 Ng8 17. g4 Be7 18. Ng3 g6 19. Ng1 Bf6 20. Kg2 Bg7 21. f4 exf4
22. exf4 Re8 23. Nf3 Bd7 24. Ng5 Nh6 25. Rae1 Qa5 26. Rxe8+ Rxe8 27. b3 Qd8 28.
Qd2 Qe7 29. Qd1 Kg8 30. Nf3 f5 31. gxf5 Nxf5 32. Nxf5 gxf5 33. Re1 Qf6 34.
Rxe8+ Bxe8 35. Qe2 Bd7 36. Ng5 h6 37. Nf3 Kf8 38. Kg3 Qg6+ 39. Kh2 Bf6 40. Qf2
Qh5 41. Kg2 a6 42. a4 a5 43. Qg3 b6 44. Kf1 Qe8 45. Ne1 Qh5 46. Be2 Qh4 47. Qf3
Bg7 48. Bd3 Qf6 49. Qh5 Qd4 50. Qf3 Qb2 51. Bc2 Qc1 52. Bd1 Qd2 53. Ng2 Bd4 54.
Qe2 Qc3 55. Qf3 Qd2 56. Qe2 Qc3 57. Qf3 1/2-1/2

[Event "7th Novi Sad it"]
[Site "Novi Sad"]
[Date "1978.10.16"]
[EventDate "1978.10.02"]
[Round "13.2"]
[White "Deze, Anton"]
[Black "Spiridonov, Nikola"]
[Result "1-0"]
[WhiteElo "2395"]
[BlackElo "2405"]
[PlyCount "113"]
[Source "Perpetual Check"]

1. c4 Nf6 2. Nc3 c5 3. Nf3 e6 4. e3 d5 5. d4 cxd4 6. exd4 Bb4 7. Bd2 O-O 8. a3
Bxc3 9. Bxc3 dxc4 10. Bxc4 b6 11. Qe2 Bb7 12. O-O Bd5 13. Bd3 Nc6 14. Ne5 Rc8
15. Rac1 Qd6 16. b4 a5 17. Nxc6 Bxc6 18. Qe5 Qe7 19. bxa5 Qxa3 20. d5 Bxd5 21.
axb6 Qb3 22. Qg3 Rxc3 23. Rxc3 Qxb6 24. Rfc1 Qd4 25. Rc8 g6 26. Qd6 Ne8 27. Qa3
Qf4 28. Qe7 Qa4 29. Bf1 Kg7 30. h3 Rg8 31. Qg5 Qd4 32. Qe7 Qf4 33. Ra1 Nf6 34.
Rxg8+ Nxg8 35. Qc5 Nf6 36. Qc3 e5 37. Ra5 Ne4 38. Qe1 Nf6 39. Qc3 Ne4 40. Qe1
Nf6 41. Bd3 Qg5 42. Bf1 h5 43. Qc3 h4 44. Qe1 Qf4 45. Qc3 g5 46. Qe3 Qxe3 47.
fxe3 e4 48. Ba6 Kf8 49. Bc8 Ke7 50. Kf2 Kd6 51. g3 hxg3+ 52. Kxg3 Ke5 53. Bb7
Ke6 54. Bxd5+ Nxd5 55. Rxd5 Kxd5 56. Kg4 Kc4 57. Kxg5 1-0